[Event "FIDE Chesscom Grand Swiss 2019"]
[Site "Douglas-Isle of Man"]
[Date "2019.10.12"]
[Round "3.26"]
[White "Henderson de La Fuente, Lance"]
[Black "Nabaty, Tamir"]
[Result "1/2-1/2"]
[WhiteElo "2494"]
[BlackElo "2658"]
[Annotator "TA"]
[PlyCount "128"]
[EventDate "2019.10.10"]
[EventType "swiss"]
[EventCountry "GBR"]
[SourceTitle "playchess.com"]
[Source "ChessBase"]
[SourceQuality "1"]

{[%evp 10,128,31,29,43,30,36,45,41,31,41,35,45,33,35,16,14,8,24,15,16,6,20,18,18,0,20,19,23,20,22,22,12,31,43,6,79,51,41,40,44,40,39,44,37,35,39,8,8,8,8,0,25,11,187,187,486,464,585,570,555,31,46,0,0,0,32,-44,-44,-50,-52,-52,-52,-52,-51,-52,-8,-8,-1,-8,0,0,0,0,0,0,0,0,0,-10,0,0,0,0,0,0,0,0,0,0,0,0,0,0,0,0,27,27,29,29,58,-8,-8,-8,-8,-8,-8,-8,-8,-8,-8]} 1. e4 e5 2. Nf3 Nc6 3. Bb5 a6 4. Ba4 Bc5 5. c3 Nge7 6. O-O Ng6 {C64: Ruy Lopez: Classical Defence (3...Bc5) except 4 0-0 Nf6} (6... Ba7 7. d4 exd4 8. cxd4 d5 9. exd5 Nxd5 10. Bg5 Qd6 11. Re1+ Be6 12. Nbd2 O-O 13. Nc4 Qb4 14. Bxc6 bxc6 {½-½ (82) Bezgodov,A (2453)-Shaposhnikov,E (2572) Cheliabinsk 2019}) 7. d4 Ba7 8. Bg5 f6 {White is slightly better.} 9. Be3 O-O 10. Nbd2 d6 11. Re1 Kh8 12. h3 exd4 $146 ({Predecessor:} 12... Qe7 13. Nf1 Nf4 14. Ng3 {0-1 (34) Demianjuk,A (2317)-Rodin,M (2365) Zvenigorod 2008}) 13. cxd4 d5 14. Bxc6 bxc6 15. Rc1 dxe4 16. Nxe4 Be6 17. Nc3 Qd6 18. Qa4 Bb6 19. Nd2 f5 20. Nf3 f4 21. Bd2 a5 22. a3 Rae8 (22... Qd7 $11) 23. Ne4 Qd7 24. Bxa5 (24. Qxc6 Qxc6 25. Rxc6 Bd5 $17) 24... Bxh3 25. gxh3 Qxh3 26. Neg5 Qg4+ $1 27. Kf1 Ra8 $1 {[%cal Ra8a5]} 28. Qxc6 Rxa5 29. d5 $36 {[%mdl 2048] Black must now prevent Re8. White has good play.} Qf5 (29... Nh4 $2 30. Re8 $18) 30. d6 {Strongly threatening Re8.} Qd3+ {[%mdl 64] Double Attack} 31. Re2 Rxg5 $2 (31... cxd6 $11 {and Black has nothing to worry.} 32. Rc3 (32. Qxb6 Rxg5 33. Nxg5 f3 $11 {[%mdl 64] Pin}) 32... Qb1+ 33. Rc1 Qd3) 32. dxc7 $18 {[#]} Rd5 $2 (32... Bxc7 $1 {[%mdl 512] keeps fighting.} 33. Nxg5 (33. Qxc7 Qxf3) 33... f3 34. Nxf3 Rxf3) 33. Rc3 $1 {[%cal Rc3d3]} Qb1+ {[#]} 34. Ne1 $1 f3 {[#]} 35. Rxf3 $2 (35. Re8 $1 $18 Bxc7 36. Rxf8+ (36. Rxf3 Rdf5 $14) 36... Nxf8 37. Qxd5 Qxb2 38. Qxf3) 35... Rdf5 $14 36. c8=Q {Re8 would kill now.} Rxf3 37. Qc2 Qa1 38. Q8c6 (38. Re8 $14) 38... Rxf2+ $15 39. Rxf2 Bxf2 40. Qxf2 Rxf2+ 41. Kxf2 {White wants to mate with Qe8+.} Qxb2+ 42. Nc2 $1 Qb8 {With the idea ...Ne7.} 43. a4 Qf4+ 44. Ke2 Qg4+ 45. Kd2 {Threatening mate with Qe8+.} h5 {And now ...Kh7 would win.} 46. a5 Qg5+ {[%mdl 64] Double Attack} 47. Kd1 Ne7 48. Qa8+ Kh7 {...Nd5 is the strong threat.} 49. a6 Nd5 50. Qc6 Qg1+ 51. Kd2 Qg2+ 52. Kc1 h4 53. a7 Qg1+ 54. Kd2 Qf2+ 55. Kc1 Qg1+ 56. Kd2 Qg2+ 57. Kc1 h3 58. a8=Q h2 59. Kb2 {Intending Qe6 and mate.} h1=Q {Hoping for ...Qd2!} 60. Qce8 (60. Qcc8 $1 $14 Qhf1 61. Qg8+ Kh6 62. Qgxd5 Qf6+ 63. Kb3 Qxd5+ 64. Qxd5) 60... Nc7 $1 $11 {[%csl LRa8,LRe8][%cal Rc7a8][%mdl 64] Discovered Attack. The position is equal.} ({And not} 60... Qd1 61. Qh8+ Kg6 62. Qae8+ Kf5 63. Qd7+ Ke5 64. Qb8+ Kf6 65. Qf8+ Kg5 66. Qfxg7+ Kh4 67. Qxg2) 61. Qh8+ Kg6 62. Qxh1 Qxa8 63. Qxa8 Nxa8 64. Kc3 Kf5 {Accuracy: White = 55%, Black = 61%.} 1/2-1/2

[Event "FIDE Chesscom Grand Swiss 2019"]
[Site "Douglas-Isle of Man"]
[Date "2019.10.12"]
[Round "3.27"]
[White "Movsesian, Sergei"]
[Black "Puranik, Abhimanyu"]
[Result "0-1"]
[WhiteElo "2654"]
[BlackElo "2571"]
[Annotator "TA"]
[PlyCount "154"]
[EventDate "2019.10.10"]
[EventType "swiss"]
[EventCountry "GBR"]
[SourceTitle "playchess.com"]
[Source "ChessBase"]
[SourceQuality "1"]

{[%evp 14,154,0,-41,0,-42,26,13,17,19,52,55,59,38,52,61,36,43,43,39,64,0,100,0,0,-12,0,0,0,0,17,0,16,16,17,15,19,0,6,-2,-14,-4,0,0,15,10,35,26,33,0,26,0,0,0,27,23,20,22,61,75,68,83,76,77,68,0,0,0,0,0,0,-8,-8,-8,-8,-8,-8,-18,-18,-26,-26,-187,-187,-187,-187,-187,-187,-184,-179,-179,-171,-164,0,-156,0,-156,-156,-156,-131,-131,0,0,0,-81,0,-8,-8,-641,-597,-652,-585,-29955,-29958,-29959,-29960,-29960,-29961,-29960,-29962,-29962,-29963,-29963,-29963,-29962,-29965,-29966,-29967,-29967,-29968,-29968,-29969,-29972,-29971,-29974,-29970,-29972,-29972,-29972,-29973,-29980,-29975,-29978,-29969]} 1. e4 e5 2. Nf3 Nc6 3. d4 exd4 4. Nxd4 Nf6 5. Nxc6 bxc6 6. e5 Qe7 7. Qe2 Nd5 8. Nd2 Qe6 {C45: Scotch Game} (8... Rb8 9. c4 Nb4 10. Nf3 c5 11. g3 Qe6 12. Bg2 Be7 13. O-O O-O 14. b3 Bb7 15. Bb2 d5 16. cxd5 Bxd5 {1-0 (62) So,W (2780)-Vidit,S (2718) chess.com INT 2018}) 9. c4 Nf4 $146 (9... Nb4 $15 10. Nf3 Qg6) ({Predecessor:} 9... Nb6 10. g3 g6 11. b3 Bg7 12. Bb2 O-O 13. Nf3 d5 14. cxd5 cxd5 15. Rc1 Qe7 16. Bg2 a5 17. Qc2 Bh6 {1-0 (63) Yakubboev,N (2437)-Makhnyov,D (2362) Ashkhabad 2017}) 10. Qe3 Ng6 $1 {The position is equal.} 11. f4 $1 d5 12. Bd3 Nh4 13. O-O Qg4 {[%csl Gh4][%cal Rg4g2]} 14. Rf2 Nf5 $1 {[%cal Rf5e3]} 15. Bxf5 $1 Bxf5 16. b3 Qd1+ 17. Nf1 (17. Rf1 $14 Qc2 18. Nf3) 17... Qd3 (17... d4 $11 18. Qd2 Qxd2 19. Bxd2 O-O-O) 18. Qe1 ({White should play} 18. Ng3 $1 $16) 18... dxc4 $11 19. Be3 cxb3 20. axb3 Be7 21. Ng3 {[%cal Bf1g3,Bg3e2,Be2d4][%mdl 32]} g6 22. b4 Qd7 23. Qc3 O-O 24. Rd2 Qe6 25. Ne2 Rab8 26. Rb2 Qd5 27. Bxa7 Ra8 28. Nd4 Be4 29. Rd2 {next Nf5! is good for White.} Rfd8 30. Ra5 Qd7 $1 31. e6 Qe8 32. Re2 f5 33. Bc5 Bxc5 34. Qxc5 Rd5 35. Qc3 Raxa5 36. bxa5 c5 37. Nf3 $1 {[%cal Rf3g5] Strongly threatening Ng5.} Qxe6 38. Ng5 $1 {[%cal Rg5e6]} Qd6 39. Nxe4 (39. Qb3 $14 Kf8 40. Re1 (40. Nxe4 Rd1+ 41. Kf2 fxe4 $11)) 39... Rd1+ 40. Kf2 Qxf4+ {[%mdl 64] Double Attack} 41. Qf3 Qxf3+ 42. gxf3 fxe4 {[%mdl 4096] Endgame KR-KR} 43. Ra2 $132 {[%mdl 2048] White is not keeping still} exf3 44. a6 {Threatens to win with a7.} Rd8 $1 45. Kxf3 Kf7 46. Ra5 Ke6 {Black wants to play ...Kd5.} 47. a7 $2 (47. Rxc5 $11 {and White is okay.} Kd6 48. Ra5) 47... Ra8 $19 48. Ke4 Kd6 49. Ra6+ c6 50. Ra3 Kc7 51. Kd3 Kb6 52. Rb3+ Kc7 53. Ra3 Kb6 54. Rb3+ Kxa7 55. Kc4 Rb8 56. Rh3 h5 ({Better is} 56... Kb6 $17 {And now ...Rb7 would win.} 57. Rxh7 Re8) 57. Kxc5 $11 Rb6 {Hoping for ...Kb7.} 58. Rg3 (58. Re3 $11 {keeps the balance.}) 58... g5 (58... Kb7 $1 $17 59. Rxg6 Rb5+ 60. Kc4 Kb6) 59. Kd6 $1 g4 {...Kb7 is the strong threat.} 60. h3 $2 {[%mdl 8192] [#]} (60. Kc7 $11) 60... Kb7 $1 $19 61. hxg4 hxg4 62. Rxg4 Rb5 {Black mates.} 63. Rg1 Kb6 64. Rc1 Rd5+ 65. Ke6 Rd4 66. Rb1+ Ka5 67. Rc1 {[#]} Kb5 $1 68. Rb1+ Rb4 69. Rd1 c5 70. Kd5 Rb3 71. Rd2 c4 72. Ke4 Kb4 73. Rd1 Rb2 74. Ke3 c3 75. Rd8 Kb3 76. Rb8+ Kc2 77. Rh8 Rb7 {Accuracy: White = 46%, Black = 57%.} 0-1

[Event "FIDE Chesscom Grand Swiss 2019"]
[Site "Douglas-Isle of Man"]
[Date "2019.10.12"]
[Round "3.27"]
[White "Abasov, Nijat"]
[Black "Anand, Viswanathan"]
[Result "1/2-1/2"]
[WhiteElo "2632"]
[BlackElo "2765"]
[Annotator "TA"]
[PlyCount "60"]
[EventDate "2019.10.10"]
[EventType "swiss"]
[EventCountry "GBR"]
[SourceTitle "playchess.com"]
[Source "ChessBase"]
[SourceQuality "1"]

{[%evp 12,60,16,8,18,0,15,7,18,8,13,16,26,0,0,0,13,9,10,10,8,8,18,18,15,19,16,4,4,4,12,4,4,4,4,4,4,4,4,4,4,4,4,4,4,4,4,0,4,4,4]} 1. d4 Nf6 2. c4 e6 3. Nf3 d5 4. Nc3 Bb4 5. Qa4+ Nc6 6. e3 O-O 7. Bd2 ({Predecessor:} 7. Qc2 Bd6 8. Bd2 dxc4 {½-½ (31) Przezdziecka,M (2276)-Tan,Z (2456) Guimaraes 2012}) 7... dxc4 {D38: Queen's Gambit Declined: Ragozin Defence (4 Nf3 Bb4)} 8. Bxc4 Bd6 9. Qc2 $146 (9. e4 e5 10. dxe5 Nxe5 11. Nxe5 Bxe5 12. O-O-O Qe8 13. Qxe8 Rxe8 14. f3 Be6 15. Bxe6 Rxe6 {½-½ (67) Navara,D (2727)-Harikrishna,P (2732) Prague 2018}) 9... e5 10. dxe5 Nxe5 11. Nxe5 Bxe5 12. f4 Bxc3 {The position is equal.} 13. Bxc3 Ng4 14. Bd4 c5 15. Bxc5 {[#] Hoping for Rd1.} Re8 $1 16. O-O {With the idea Rfd1.} Nxe3 17. Bxe3 Rxe3 18. Qf2 Qb6 19. Rfe1 Rxe1+ 20. Rxe1 {[%cal Re1e8] [#]} Qxf2+ 21. Kxf2 $11 {[%cal Re1e8][%mdl 4096] Endgame KRB-KRB} Kf8 $1 22. Rc1 Bf5 23. Bb3 {Black should prevent Rc7.} Rc8 24. Rxc8+ Bxc8 {KB-KB} 25. Ke3 Ke7 26. Kd4 b6 27. Bd5 f6 28. g3 Kd6 29. a3 h6 30. b4 Bd7 {Accuracy: White = 91%, Black = 87%.} 1/2-1/2

[Event "FIDE Chesscom Grand Swiss 2019"]
[Site "Douglas-Isle of Man"]
[Date "2019.10.12"]
[Round "3.28"]
[White "Jumabayev, Rinat"]
[Black "Karjakin, Sergey"]
[Result "0-1"]
[WhiteElo "2630"]
[BlackElo "2760"]
[Annotator "TA"]
[PlyCount "80"]
[EventDate "2019.10.10"]
[EventType "swiss"]
[EventCountry "GBR"]
[SourceTitle "playchess.com"]
[Source "ChessBase"]
[SourceQuality "1"]

{[%evp 18,80,8,13,6,6,7,9,22,8,15,9,16,0,0,0,0,0,0,0,0,0,0,0,0,0,0,0,0,0,0,0,0,0,0,0,0,0,0,0,0,0,0,0,0,0,0,0,0,0,44,0,0,0,42,25,139,0,0,-644,-644,-551,-577,-2026,-1329]} 1. d4 Nf6 2. c4 e6 3. g3 Bb4+ 4. Bd2 Be7 5. Bg2 d5 6. Nf3 O-O 7. O-O Nbd7 8. Qc2 c6 9. Bf4 b6 10. Rd1 Ba6 {E08: Closed Catalan: Main Line: 7 Qc2} 11. cxd5 cxd5 12. Ne5 Nxe5 {The position is equal.} 13. dxe5 Ng4 14. h3 Rc8 {[#]} 15. Qa4 $146 ({Predecessor:} 15. Nc3 Nxf2 16. Kxf2 Bc5+ 17. Ke1 f6 18. Qa4 fxe5 19. Bxe5 {0-1 (31) Inarkiev,E (2709)-Yu,Y (2729) Doha 2016}) 15... Bxe2 16. hxg4 {Rc1 is the strong threat.} b5 17. Qb3 $1 Bxd1 18. Qxd1 b4 19. a3 a5 20. axb4 axb4 21. Be3 Bc5 22. Bxc5 Rxc5 23. Nd2 Qc7 24. Nf3 {[%cal Bd2f3,Bf3e1,Be1d3][%mdl 32]} Rc2 25. Ne1 Rxb2 {Strongly threatening ...Qc3.} 26. Nd3 Rc2 {White must now prevent ...b3.} 27. Nxb4 Rc3 28. Nd3 h6 29. Bf1 Qb6 30. g5 hxg5 31. Qg4 Qb3 32. Ne1 Qb2 33. Rd1 Qb3 34. Ra1 {[%mdl 1024] White has compensation.} Qb2 35. Rd1 Qb3 36. Bd3 {Black should prevent Qh5.} Rfc8 {[#]} (36... g6 $1 $11 {remains equal.}) 37. Qh5 ({White should play} 37. Kg2 $1 $16) 37... Rc1 $1 $36 {[%mdl 2048] Black is pushing.} 38. Be2 $2 {[%mdl 8192]} (38. Rxc1 $11 Rxc1 39. Kg2 Rxe1 40. Qh7+ Kf8 41. Qh8+ Ke7 42. Qc8) 38... g6 $19 {Black is clearly winning.} 39. Qg4 {[#]} R8c4 $1 {[%cal Rc4g4][%mdl 512]} 40. Nd3 (40. Bxc4 Qxd1) 40... Rxd1+ {Accuracy: White = 71%, Black = 88%.} 0-1

[Event "FIDE Chesscom Grand Swiss 2019"]
[Site "Douglas-Isle of Man"]
[Date "2019.10.12"]
[Round "3.29"]
[White "Esipenko, Andrey"]
[Black "Aronian, Levon"]
[Result "0-1"]
[WhiteElo "2624"]
[BlackElo "2758"]
[Annotator "TA"]
[PlyCount "78"]
[EventDate "2019.10.10"]
[EventType "swiss"]
[EventCountry "GBR"]
[SourceTitle "playchess.com"]
[Source "ChessBase"]
[SourceQuality "1"]

{[%evp 13,78,0,0,0,0,10,0,-37,-39,-49,-42,-44,-38,-47,-43,-38,-43,-43,0,0,0,-58,-67,-88,27,13,27,-127,-119,-160,-87,-75,-21,-42,0,-60,-40,-37,0,-24,0,-72,-72,-254,-231,-372,-359,-363,-352,-359,-363,-387,-379,-350,-362,-429,-297,-363,-359,-442,-441,-564,-567,-538,-553,-526,-518]} 1. d4 Nf6 2. c4 e6 3. Nf3 d5 4. Nc3 Be7 5. Bf4 O-O 6. e3 Nbd7 7. c5 Nh5 8. Bd3 {D37: Queen's Gambit Declined: 5 Bf4} Nxf4 9. exf4 b6 10. c6 {The position is equal.} (10. b4 a5 11. a3 c6 12. O-O Ba6 13. g3 Bf6 14. Qc2 Bxd3 15. Qxd3 Ra7 {½-½ (42) Sjugirov,S (2662)-Radjabov,T (2758) Khanty-Mansiysk 2019}) 10... Nb8 $1 11. Ne5 Bd6 12. a3 $146 ({Predecessor:} 12. Qc2 Bxe5 13. dxe5 Nxc6 14. Bxh7+ Kh8 15. Bd3 Nb4 {0-1 (43) Cornes,D-Stukalov,M (1918) ICCF email 2013}) 12... Bxe5 13. dxe5 Nxc6 14. Qh5 $1 {[%csl Gd3][%cal Rh5h7]} g6 15. Qh6 f5 16. h4 Rf7 17. h5 {[#]} (17. Ne2 $11) 17... g5 $1 $15 {[%mdl 512]} 18. g4 {gxf5 is the strong threat.} (18. fxg5 Nxe5) 18... Qf8 (18... gxf4 $17 19. Qxf4 fxg4 20. Qxg4+ Rg7) 19. Qxg5+ $11 Rg7 20. Qh4 $2 ({White must play} 20. Qf6 $1 $11) 20... Rxg4 $17 21. Qh2 Qh6 ({Black should play} 21... Nd4 {aiming for ...Nf3+.} 22. O-O-O Bb7) 22. Ne2 Bb7 (22... Ne7 $17) 23. Rc1 $11 Rc8 24. b4 (24. f3 $11 Rg7 25. Kf2) 24... Kh8 $36 {[%mdl 2048] Black has good play.} 25. f3 Rgg8 26. Kf2 Qf8 27. Bb5 (27. Qh4 $1 $11 {remains equal.}) 27... Nb8 $1 $17 28. Nd4 $2 (28. Rcg1 $17) 28... c5 $1 $19 {[%cal Rc5d4]} 29. Nxe6 (29. Nb3 $142) 29... Qe7 30. Ng5 h6 31. e6 hxg5 32. fxg5 Qxg5 33. Qe5+ {[#]} Qg7 $1 {[%cal Rg7e5]} ({Less strong is} 33... Kh7 34. Rcg1 $17) 34. Rhe1 Nc6 35. Bxc6 Rxc6 ({Not} 35... Bxc6 36. bxc5 Ba4 37. Qxg7+ Kxg7 38. cxb6 $19) 36. Qxg7+ Kxg7 {Black is clearly winning.} 37. Rg1+ Kh7 38. Rxg8 Kxg8 39. Rg1+ Kh7 {Accuracy: White = 49%, Black = 55%.} (39... Kf8 $2 {[#]} 40. e7+ $1 {[%mdl 576] Decoy} Kxe7 41. Rg7+ Kf6 42. Rxb7 $19) 0-1

[Event "FIDE Chesscom Grand Swiss 2019"]
[Site "Douglas-Isle of Man"]
[Date "2019.10.12"]
[Round "3.29"]
[White "Saduakassova, Dinara"]
[Black "Alekseev, Evgeny"]
[Result "1/2-1/2"]
[WhiteElo "2481"]
[BlackElo "2629"]
[Annotator "RC"]
[PlyCount "60"]
[EventDate "2019.10.10"]
[EventType "swiss"]
[EventCountry "GBR"]
[SourceTitle "playchess.com"]
[Source "ChessBase"]
[SourceQuality "1"]
[TimeControl "40/6000+30:20/3000+30:900+30"]

1. d4 {[%emt 0:00:00]} e6 {[%emt 0:03:02]} 2. c4 {[%emt 0:00:00]} b6 {[%emt 0:01:46]} 3. e4 {[%emt 0:00:00]} Bb7 {[%emt 0:00:17]} 4. Bd3 {[%emt 0:00:40]} Nc6 {[%emt 0:04:06]} 5. Ne2 {[%emt 0:02:04]} Nb4 {[%emt 0:01:17]} 6. Nbc3 {[%emt 0:00:07]} Nxd3+ {[%emt 0:00:49]} 7. Qxd3 {[%emt 0:00:04]} g6 {[%emt 0:07:04]} 8. Be3 {[%emt 0:09:26]} Bg7 {[%emt 0:04:10]} 9. d5 {[%emt 0:02:23]} Nf6 {[%emt 0:05:51]} 10. O-O-O {[%emt 0:09:16]} Ng4 {[%emt 0:09:46]} 11. f4 {[%emt 0:05:08]} Nxe3 {[%emt 0:10:01]} 12. Qxe3 {[%emt 0:00:12]} exd5 {[%emt 0:15:34]} 13. exd5+ {[%emt 0:12:26]} Qe7 {[%emt 0:04:49]} 14. Qxe7+ {[%emt 0:04:08]} Kxe7 {[%emt 0:00:01]} 15. Nd4 {[%emt 0:01:12]} Rhc8 {[%emt 0:03:38]} 16. Kc2 {[%emt 0:07:02]} Kf8 {[%emt 0:04:23]} 17. Nf3 {[%emt 0:07:01]} a6 {[%emt 0:07:59]} 18. Rhe1 {[%emt 0:05:56]} Re8 {[%emt 0:05:32]} 19. b3 {[%emt 0:06:17]} Rxe1 {[%emt 0:01:52]} 20. Rxe1 {[%emt 0:00:45]} Re8 {[%emt 0:00:30]} 21. Rxe8+ {[%emt 0:02:38]} Kxe8 {[%emt 0:00:02]} 22. Kd3 {[%emt 0:00:48]} Ke7 {[%emt 0:00:20]} 23. Nd4 {[%emt 0:02:32]} f5 {[%emt 0:10:32]} 24. b4 {[%emt 0:03:04]} Kf6 {[%emt 0:06:18]} 25. c5 {[%emt 0:07:04]} Bf8 {[%emt 0:00:02]} 26. Nb3 {[%emt 0:00:18]} Ke7 {[%emt 0:01:39]} 27. g3 {[%emt 0:07:18]} Kd8 {[%emt 0:00:09]} 28. a3 {[%emt 0:02:51]} Kc8 {[%emt 0:01:28]} 29. Kc4 {[%emt 0:03:52]} Kd8 {[%emt 0:00:01]} 30. Kd3 {[%emt 0:00:53]} Kc8 {[%emt 0:00:14] Ke4} 1/2-1/2

[Event "FIDE Chesscom Grand Swiss 2019"]
[Site "Douglas-Isle of Man"]
[Date "2019.10.12"]
[Round "3.30"]
[White "Harikrishna, Pentala"]
[Black "L'Ami, Erwin"]
[Result "1-0"]
[WhiteElo "2748"]
[BlackElo "2619"]
[Annotator "TA"]
[PlyCount "115"]
[EventDate "2019.10.10"]
[EventType "swiss"]
[EventCountry "GBR"]
[SourceTitle "playchess.com"]
[Source "ChessBase"]
[SourceQuality "1"]

{[%evp 15,115,0,12,17,28,10,51,37,73,73,73,73,68,67,69,67,71,50,63,71,77,72,102,57,73,109,72,66,119,100,127,87,66,65,58,55,90,90,155,115,95,24,69,80,76,95,89,77,106,19,62,28,28,29,124,124,124,124,124,124,124,124,137,137,137,137,137,137,137,137,137,137,120,95,137,137,173,173,173,144,162,162,203,203,409,424,424,291,12833,12809,12833,12834,12836,12836,12837,12836,12837,12838,12838,12838,12837,12838]} 1. d4 d5 2. c4 e6 3. Nf3 Nf6 4. g3 dxc4 5. Bg2 c5 6. O-O Nc6 7. Na3 cxd4 8. Nxc4 Be7 9. b3 {E04: Open Catalan: 5 Nf3} O-O 10. Bb2 {[%cal Rf3d4]} d3 11. e3 {White is slightly better.} Bd7 $146 ({Predecessor:} 11... h6 12. Nfe5 Nxe5 13. Nxe5 Rb8 14. Bd4 Nd7 15. Nxd7 Qxd7 16. Bxa7 Ra8 {½-½ (35) Gelfand,B (2686)-Lu,S (2602) Khanty-Mansiysk 2019}) 12. Qxd3 Nb4 13. Qe2 $1 Bb5 14. Rfd1 Qc7 15. Nd4 Ba6 16. a4 Bxc4 17. bxc4 Rac8 18. a5 a6 19. Rab1 b6 20. axb6 Qxb6 21. Nb3 Qc7 (21... Rfd8 $14) 22. c5 $1 $16 a5 23. Qb5 Nfd5 24. e4 Nf6 25. Rbc1 Nc6 {next ...Rb8 is good for Black.} 26. Bc3 {[%cal Rb3a5]} Rfd8 (26... Ra8 $142) 27. Rxd8+ $1 Bxd8 {[#]} 28. Rd1 (28. e5 $1 $16 {[%cal Re5f6]} Nxe5 29. Bxa5) 28... Rb8 29. Qa4 Qb7 30. Nd4 Nxd4 31. Rxd4 Bc7 32. Rd1 ({White should play} 32. Bxa5 $16 {And now Rb4 would win.} Qa6 33. Be1 (33. Bxc7 Rb1+ 34. Qd1 Rxd1+ 35. Rxd1 h6 $11)) 32... h6 33. Bxf6 (33. c6 $5 {[%cal Rc6b7]} Qb6 34. e5 $14) 33... gxf6 34. Rd7 {Black must now prevent Bf1.} Qb4 (34... Qb1+ $11 {keeps the balance.} 35. Bf1 Be5) 35. Qxb4 axb4 36. Rxc7 {[%mdl 4096] Endgame KRB-KR} b3 {Strongly threatening ...b2.} 37. Bf1 b2 38. Bd3 Rb3 39. Bb1 {Hoping for Kg2.} Rc3 {[#]} 40. Kg2 $1 {Rb7 is the strong threat.} Rc1 41. Bd3 {Threatens to win with Rb7.} Rc3 42. Rb7 {aiming for Bb1.} Rxd3 43. Rxb2 {KR-KR} Rc3 44. Rb8+ Kg7 45. Rc8 Kg6 46. c6 {[%cal Bc5c6,Bc6c7][%mdl 32]} f5 47. exf5+ Kxf5 48. h4 e5 49. c7 h5 $2 {[#]} (49... Kf6 50. g4 Rc4) 50. g4+ $1 $18 {[%mdl 512]} Kf6 (50... Kxg4 51. Rg8+) 51. f3 hxg4 $2 (51... Kg7 52. gxh5 f6) 52. fxg4 {White is clearly winning.} Kg7 53. g5 e4 54. Kf2 Kh7 55. Ke2 e3 56. h5 Kg7 57. h6+ Kh7 58. Kf3 {Accuracy: White = 79%, Black = 38%.} 1-0

[Event "FIDE Chesscom Grand Swiss 2019"]
[Site "Douglas-Isle of Man"]
[Date "2019.10.12"]
[Round "3.30"]
[White "Bachmann, Axel"]
[Black "Lei, Tingjie"]
[Result "1/2-1/2"]
[WhiteElo "2629"]
[BlackElo "2469"]
[Annotator "RC"]
[PlyCount "114"]
[EventDate "2019.10.10"]
[EventType "swiss"]
[EventCountry "GBR"]
[SourceTitle "playchess.com"]
[Source "ChessBase"]
[SourceQuality "1"]
[TimeControl "40/6000+30:20/3000+30:900+30"]

1. Nf3 {[%emt 0:00:00]} d5 {[%emt 0:00:00]} 2. e3 {[%emt 0:00:23]} Nf6 {[%emt 0:00:09]} 3. c4 {[%emt 0:00:06]} e6 {[%emt 0:00:54]} 4. b3 {[%emt 0:00:12]} b6 {[%emt 0:02:01]} 5. Bb2 {[%emt 0:00:07]} Bd6 {[%emt 0:02:27]} 6. Nc3 {[%emt 0:01:40]} a6 {[%emt 0:01:27]} 7. cxd5 {[%emt 0:00:27]} exd5 {[%emt 0:00:07]} 8. d4 {[%emt 0:00:08]} Nbd7 {[%emt 0:02:56]} 9. g3 {[%emt 0:00:11]} O-O {[%emt 0:01:00]} 10. Bg2 {[%emt 0:01:45]} Re8 {[%emt 0:01:24]} 11. O-O {[%emt 0:00:09]} Bb7 {[%emt 0:00:30]} 12. Rc1 {[%emt 0:03:33]} Rc8 {[%emt 0:01:31]} 13. Ne2 {[%emt 0:12:03]} c5 {[%emt 0:11:44]} 14. dxc5 {[%emt 0:00:34]} bxc5 {[%emt 0:00:11]} 15. Rc2 {[%emt 0:14:08]} a5 {[%emt 0:12:19]} 16. Nf4 {[%emt 0:15:51]} a4 {[%emt 0:07:29]} 17. Nh4 {[%emt 0:04:15]} axb3 {[%emt 0:09:27]} 18. axb3 {[%emt 0:00:17]} Bxf4 {[%emt 0:00:30]} 19. gxf4 {[%emt 0:00:08]} Qb6 {[%emt 0:10:15]} 20. Nf5 {[%emt 0:02:43]} Rb8 {[%emt 0:12:48]} 21. b4 {[%emt 0:24:58]} Qxb4 {[%emt 0:05:46]} 22. Nd6 {[%emt 0:00:38]} Re6 {[%emt 0:07:14]} 23. Nxb7 {[%emt 0:07:42]} Qxb7 {[%emt 0:02:47]} 24. Bxf6 {[%emt 0:00:14]} Nxf6 {[%emt 0:00:05]} 25. Rxc5 {[%emt 0:00:06]} Qb4 {[%emt 0:05:17]} 26. Qc2 {[%emt 0:01:01]} Rd6 {[%emt 0:03:35]} 27. Rd1 {[%emt 0:00:16]} h6 {[%emt 0:00:49]} 28. Bxd5 {[%emt 0:08:37]} Rbd8 {[%emt 0:03:09]} 29. Rb1 {[%emt 0:00:29]} Qa3 {[%emt 0:00:25]} 30. Bf3 {[%emt 0:00:55]} Qa6 {[%emt 0:01:54]} 31. Rc7 {[%emt 0:02:50]} Nd5 {[%emt 0:00:25]} 32. Rcb7 {[%emt 0:00:11]} Nf6 {[%emt 0:01:34]} 33. Be2 {[%emt 0:03:28]} Qc6 {[%emt 0:01:11]} 34. Qxc6 {[%emt 0:04:13]} Rxc6 {[%emt 0:00:04]} 35. R1b4 {[%emt 0:00:19]} Rc2 {[%emt 0:01:57]} 36. Rb8 {[%emt 0:01:55]} Rcd2 {[%emt 0:01:13]} 37. Bf3 {[%emt 0:01:17]} g6 {[%emt 0:00:21]} 38. R8b7 {[%emt 0:00:38]} Kg7 {[%emt 0:00:48]} 39. h4 {[%emt 0:00:30]} h5 {[%emt 0:01:01]} 40. Rc4 {[%emt 0:00:32]} R8d7 {[%emt 0:00:26]} 41. Rxd7 {[%emt 0:12:07]} Nxd7 {[%emt 0:01:09]} 42. Rc7 {[%emt 0:00:53]} Nf6 {[%emt 0:03:55]} 43. Rc5 {[%emt 0:03:05]} Nd7 {[%emt 0:02:43]} 44. Rg5 {[%emt 0:03:01]} Kf6 {[%emt 0:00:14]} 45. f5 {[%emt 0:11:17]} gxf5 {[%emt 0:03:56]} 46. Bxh5 {[%emt 0:02:53]} Ne5 {[%emt 0:00:04]} 47. Rg2 {[%emt 0:04:31]} Ng6 {[%emt 0:08:09]} 48. Rh2 {[%emt 0:01:46]} f4 {[%emt 0:02:48]} 49. e4 {[%emt 0:00:23]} Ne5 {[%emt 0:00:04]} 50. Kg2 {[%emt 0:02:30]} Rd4 {[%emt 0:06:03]} 51. Bf3 {[%emt 0:00:12]} Rd3 {[%emt 0:00:07]} 52. Rh3 {[%emt 0:00:07]} Kg6 {[%emt 0:02:02]} 53. Bg4 {[%emt 0:00:10]} Rxh3 {[%emt 0:05:37]} 54. Kxh3 {[%emt 0:00:07]} Kh6 {[%emt 0:00:03]} 55. Bd1 {[%emt 0:00:19]} Kg6 {[%emt 0:00:08]} 56. Kg2 {[%emt 0:00:20]} Kh6 {[%emt 0:00:07]} 57. Kg1 {[%emt 0:00:18]} Ng6 {[%emt 0:03:32]} 1/2-1/2